000 00700nam a22001937a 4500
005 20250424150654.0
010 _aENG-144756
020 _a9788183821261
_c125.00
035 _aEN-128288
037 _bDBAD
082 _a133.6
_21
100 _aSharma, Gopal
_980860
245 _aThe Marvels of Palmistry /
_cGopal Sharma, Shastri Bhori Lal Kala
260 _aNew delhi
_blotus Press Publishers & Distributors
_c2014
270 _aUnit no.220,2nd floor, 4735/22, Prakash deep Building, Ansari road
_bDaryaganj, New Delhi
_e110002
_mlotus_press@sify.com
300 _a164 p.
_c22 cm.(Pbk)
700 _aGopal Sharma, Shastri Bhori Lal Kala
_976691
942 _2ddc
_cEN
_h133.6
_mGOP
999 _c211102
_d211102